[Event "Gibraltar Chess Festival 2017 - Masters"]
[Site "Gibraltar ENG"]
[Date "2017.01.26"]
[Round "3.31"]
[White "Perez Garcia, Alejandro"]
[Black "Vocaturo, Daniele"]
[Result "0-1"]
[WhiteElo "2398"]
[BlackElo "2606"]
[PlyCount "236"]
[EventDate "2017.01.24"]
[EventType "swiss"]
[EventRounds "10"]
[EventCountry "ENG"]
[SourceTitle "Ajedrez en Madrid"]
[Source "lmi"]
[SourceDate "2017.01.24"]

1. d4 Nf6 2. c4 e6 3. g3 c5 4. d5 exd5 5. cxd5 d6 6. Nc3 g6 7. Bg2 Bg7 8. Nf3
O-O 9. O-O Re8 10. Bf4 Ne4 11. Nxe4 Rxe4 12. Nd2 Rxf4 13. gxf4 Bxb2 14. Rb1 Bg7
15. e4 Nd7 16. Qf3 Bh6 17. Nc4 Nb6 18. Ne3 Qh4 19. f5 Nd7 20. Ng4 Bg7 21. fxg6
hxg6 22. Qg3 Qxg3 23. hxg3 Rb8 24. f4 Bd4+ 25. Kh1 Kg7 26. Nh2 Nf6 27. Bf3 Bh3
28. Rfd1 Rh8 29. Rxb7 Bg4 30. Bxg4 Nxg4 31. Rd2 Be3 32. Re2 c4 33. Rb4 c3 34.
Rc4 Bf2 35. Kg2 Rxh2+ 36. Kf3 Bc5 37. Rxc3 Rxe2 38. Kxe2 Nf6 39. Kf3 Nd7 40.
Rc2 f5 41. Rd2 Bb4 42. Rd1 Nf6 43. e5 dxe5 44. fxe5 Ng4 45. Kf4 Bc3 46. e6 Kf6
47. Rb1 Bd4 48. Kf3 Bb6 49. Re1 Bc5 50. Rh1 Ne5+ 51. Ke2 g5 52. Rh6+ Ke7 53.
Rh5 Kf6 54. Rh6+ Ng6 55. Rh7 Ne7 56. Kd3 Ke5 57. Kc4 Bd6 58. Rh1 Ke4 59. Rd1 f4
60. gxf4 gxf4 61. Kb5 f3 62. Ka6 Nxd5 63. Kxa7 Ba3 64. Kb7 f2 65. Kc6 Ne3 66.
Rh1 Kd4 67. Kd7 Nf5 68. Rf1 Ke3 69. Kc6 Ke2 70. Rh1 f1=Q 71. Rxf1 Kxf1 72. Kb5
Nd4+ 73. Ka4 Bc5 74. Ka5 Nxe6 75. a4 Nd8 76. Kb5 Be3 77. a5 Ke2 78. Kc4 Nc6 79.
a6 Na7 80. Kd5 Kd3 81. Ke5 Kc4 82. Ke4 Bd4 83. Kf5 Kd5 84. Kf4 Be5+ 85. Ke3 Bb8
86. Kd3 Bf4 87. Ke2 Ke4 88. Kf2 Bc7 89. Kg2 Kf4 90. Kf2 Bb6+ 91. Kg2 Kg4 92.
Kh2 Bc7+ 93. Kg2 Bg3 94. Kf1 Kf3 95. Kg1 Bb8 96. Kh1 Nc6 97. a7 Nxa7 98. Kg1
Nb5 99. Kh1 Nc3 100. Kg1 Ne4 101. Kh1 Nf2+ 102. Kg1 Bc7 103. Kf1 Bh2 104. Ke1
Ne4 105. Kd1 Ke3 106. Kc2 Nd2 107. Kc3 Bd6 108. Kc2 Ke2 109. Kc3 Bc5 110. Kc2
Bb4 111. Kc1 Kd3 112. Kd1 Nc4 113. Kc1 Bd2+ 114. Kb1 Kc3 115. Ka2 Kb4 116. Kb1
Kb3 117. Ka1 Bh6 118. Kb1 Na3+ 0-1

[Event "Gibraltar Chess Festival 2017 - Masters"]
[Site "Gibraltar ENG"]
[Date "2017.01.26"]
[Round "3.32"]
[White "Fridman, Daniel"]
[Black "Carlstedt, Jonathan"]
[Result "1/2-1/2"]
[WhiteElo "2594"]
[BlackElo "2413"]
[PlyCount "63"]
[EventDate "2017.01.24"]
[EventType "swiss"]
[EventRounds "10"]
[EventCountry "ENG"]
[SourceTitle "Ajedrez en Madrid"]
[Source "lmi"]
[SourceDate "2017.01.24"]

1. c4 d6 2. d4 e5 3. d5 f5 4. e4 Nf6 5. Nc3 g6 6. exf5 gxf5 7. Be2 Bg7 8. Bh5+
Nxh5 9. Qxh5+ Kf8 10. Bh6 Qf6 11. Bxg7+ Kxg7 12. Nge2 Rg8 13. O-O-O Qh6+ 14.
Qxh6+ Kxh6 15. g3 a5 16. f4 Na6 17. Rhe1 Nc5 18. Nb5 Rg7 19. Nec3 e4 20. b3 Kg6
21. Kc2 Kf6 22. a3 b6 23. Re3 Ba6 24. Nd4 Re8 25. b4 Nd3 26. Kb3 Rgg8 27. Ncb5
Bxb5 28. Nxb5 Re7 29. Nd4 Ree8 30. Nb5 Re7 31. Nd4 Ree8 32. Nb5 1/2-1/2

[Event "Gibraltar Chess Festival 2017 - Masters"]
[Site "Gibraltar ENG"]
[Date "2017.01.26"]
[Round "3.33"]
[White "Istratescu, Andrei"]
[Black "Garriga Cazorla, Pere"]
[Result "0-1"]
[WhiteElo "2593"]
[BlackElo "2386"]
[PlyCount "112"]
[EventDate "2017.01.24"]
[EventType "swiss"]
[EventRounds "10"]
[EventCountry "ENG"]
[SourceTitle "Ajedrez en Madrid"]
[Source "lmi"]
[SourceDate "2017.01.24"]

1. d4 Nf6 2. Nf3 d5 3. c4 e6 4. g3 Bb4+ 5. Bd2 Bd6 6. Bg2 O-O 7. O-O c6 8. Qc2
Nbd7 9. Bg5 h6 10. Bxf6 Nxf6 11. Nbd2 b6 12. e4 Be7 13. e5 Nd7 14. cxd5 cxd5
15. Rfc1 Nb8 16. Bf1 Bd7 17. a3 Nc6 18. b4 a6 19. Qc3 Qb8 20. Qe3 Rc8 21. Bd3
Na7 22. h4 Qb7 23. Bc2 Bb5 24. h5 Rc7 25. Ne1 Rac8 26. Ndf3 Kf8 27. Bh7 Be8 28.
Nd3 Rxc1+ 29. Rxc1 Rxc1+ 30. Qxc1 Qc6 31. Qd2 Nb5 32. Nf4 Bd8 33. a4 Nc3 34.
Bc2 Qc4 35. Kg2 Ne4 36. Qd3 Qxd3 37. Bxd3 Bxa4 38. Bxa6 Be7 39. Nd3 Ke8 40.
Nfe1 Kd7 41. f3 Nc3 42. Kf2 Kc6 43. Ke3 Na2 44. Nb2 Bb5 45. Bxb5+ Kxb5 46. Kd3
Bxb4 47. Nc2 Ba5 48. g4 Nb4+ 49. Kc3 Nxc2+ 50. Kxc2 Kb4 51. f4 b5 52. f5 Bb6
53. Nd3+ Kc4 54. Nc5 exf5 55. gxf5 Bxc5 56. dxc5 Kxc5 0-1

[Event "Gibraltar Chess Festival 2017 - Masters"]
[Site "Gibraltar ENG"]
[Date "2017.01.26"]
[Round "3.34"]
[White "Tsolakidou, Stavroula"]
[Black "Gledura, Benjamin"]
[Result "0-1"]
[WhiteElo "2387"]
[BlackElo "2589"]
[PlyCount "76"]
[EventDate "2017.01.24"]
[EventType "swiss"]
[EventRounds "10"]
[EventCountry "ENG"]
[SourceTitle "Ajedrez en Madrid"]
[Source "lmi"]
[SourceDate "2017.01.24"]

1. d4 Nf6 2. c4 g6 3. Nc3 d5 4. cxd5 Nxd5 5. e4 Nxc3 6. bxc3 Bg7 7. Nf3 c5 8.
Be3 Qa5 9. Nd2 cxd4 10. Nc4 Qd8 11. cxd4 O-O 12. Rc1 b6 13. Be2 Bb7 14. d5 f5
15. O-O fxe4 16. d6 e6 17. Qb3 Bd5 18. Rfd1 Nd7 19. Qb5 a6 20. Qb4 Rb8 21. Qd2
b5 22. Na5 Ne5 23. Bd4 Rf7 24. Qb4 Qh4 25. Rc7 Rbf8 26. Rxf7 Rxf7 27. Be3 Bf8
28. a4 bxa4 29. Rc1 Qd8 30. Qxa4 Bxd6 31. h3 Nd3 32. Bxd3 exd3 33. Nc4 Bf4 34.
Rb1 Qc7 35. Nb6 Bxe3 36. fxe3 Qc2 37. Qxc2 dxc2 38. Rc1 Bb3 0-1

[Event "Gibraltar Chess Festival 2017 - Masters"]
[Site "Gibraltar ENG"]
[Date "2017.01.26"]
[Round "3.35"]
[White "Blomqvist, Erik"]
[Black "Docx, Stefan"]
[Result "1-0"]
[WhiteElo "2574"]
[BlackElo "2405"]
[PlyCount "57"]
[EventDate "2017.01.24"]
[EventType "swiss"]
[EventRounds "10"]
[EventCountry "ENG"]
[SourceTitle "Ajedrez en Madrid"]
[Source "lmi"]
[SourceDate "2017.01.24"]

1. e4 e5 2. Nf3 Nc6 3. Bb5 a6 4. Ba4 Nf6 5. O-O b5 6. Bb3 Bb7 7. d3 Be7 8. Nc3
O-O 9. Nd5 Na5 10. Nxe7+ Qxe7 11. Nh4 Nxb3 12. axb3 d5 13. Nf5 Qe6 14. f3 Ne8
15. Qe1 Nd6 16. g4 c5 17. Be3 Rfc8 18. Qg3 f6 19. Rad1 Nxf5 20. gxf5 Qf7 21. c4
dxc4 22. dxc4 Rd8 23. Bxc5 bxc4 24. bxc4 Rxd1 25. Rxd1 Qxc4 26. Be7 Qc6 27. Rd6
Qc1+ 28. Kg2 Kf7 29. Bxf6 1-0

[Event "Gibraltar Chess Festival 2017 - Masters"]
[Site "Gibraltar ENG"]
[Date "2017.01.26"]
[Round "3.36"]
[White "Omar, Noaman"]
[Black "Vazquez Igarza, Renier"]
[Result "1/2-1/2"]
[WhiteElo "2369"]
[BlackElo "2572"]
[PlyCount "121"]
[EventDate "2017.01.24"]
[EventType "swiss"]
[EventRounds "10"]
[EventCountry "ENG"]
[SourceTitle "Ajedrez en Madrid"]
[Source "lmi"]
[SourceDate "2017.01.24"]

1. d4 Nf6 2. c4 g6 3. Nc3 Bg7 4. e4 d6 5. h3 Nbd7 6. Be3 e5 7. d5 Nc5 8. Qc2 c6
9. b4 Na6 10. a3 c5 11. g4 Bd7 12. b5 Nc7 13. Be2 h5 14. g5 Nh7 15. Nf3 b6 16.
a4 a6 17. Rb1 O-O 18. h4 Kh8 19. Rg1 Qe7 20. Kd2 axb5 21. cxb5 f6 22. gxf6 Rxf6
23. Rg3 Qf8 24. Rbg1 Be8 25. Ke1 Bh6 26. Nd2 Bxe3 27. fxe3 Bf7 28. Nc4 Rb8 29.
R3g2 Qd8 30. Kd2 Na8 31. Qd1 Qe7 32. Qe1 Rg8 33. Kc2 Qf8 34. Rg3 Qd8 35. R3g2
Qf8 36. a5 bxa5 37. b6 Qb8 38. Qb1 Be8 39. Bxh5 Rg7 40. Kd3 a4 41. Bd1 a3 42.
Ba4 Rb7 43. Bxe8 Qxe8 44. Qb3 Nf8 45. h5 gxh5 46. Qxa3 Kh7 47. Ra1 Nxb6 48.
Nxb6 Rxb6 49. Qa7+ Nd7 50. Rag1 c4+ 51. Kc2 Rf7 52. Rg5 Re7 53. Qc7 Qf7 54. Rf5
Qe8 55. Qd8 Kh6 56. Qxe8 Rxe8 57. Rh1 Kg6 58. Rg1+ Kh6 59. Rh1 Kg6 60. Rg1+ Kh6
61. Rh1 1/2-1/2

[Event "Gibraltar Chess Festival 2017 - Masters"]
[Site "Gibraltar ENG"]
[Date "2017.01.26"]
[Round "3.37"]
[White "Muzychuk, Mariya"]
[Black "Mihajlov, Sebastian"]
[Result "1-0"]
[WhiteElo "2546"]
[BlackElo "2384"]
[PlyCount "139"]
[EventDate "2017.01.24"]
[EventType "swiss"]
[EventRounds "10"]
[EventCountry "ENG"]
[SourceTitle "Ajedrez en Madrid"]
[Source "lmi"]
[SourceDate "2017.01.24"]

1. d4 d5 2. c4 c6 3. Nc3 Nf6 4. e3 e6 5. Nf3 Nbd7 6. Qc2 Bd6 7. Bd3 O-O 8. O-O
h6 9. Rd1 Qe7 10. e4 dxe4 11. Nxe4 Nxe4 12. Bxe4 Nf6 13. Ne5 c5 14. Be3 Qc7 15.
f4 cxd4 16. Bxd4 Nxe4 17. Qxe4 f6 18. Ng6 Rd8 19. Be3 Qf7 20. c5 Bc7 21. Rxd8+
Bxd8 22. Rd1 Bc7 23. Qd3 Qe8 24. b4 b6 25. c6 f5 26. Ne5 Bxe5 27. Qd8 Ba6 28.
Qxe8+ Rxe8 29. fxe5 Rc8 30. a4 b5 31. a5 Rxc6 32. Rd7 Bc8 33. Rxa7 Kh8 34. h4
Kh7 35. h5 Kg8 36. Bc5 Ba6 37. Kf2 Bc8 38. Ke3 Ba6 39. Ra8+ Kh7 40. Bf8 Kg8 41.
Bd6+ Kh7 42. Bc5 Bc8 43. Kf4 g5+ 44. hxg6+ Kxg6 45. Rb8 Ba6 46. Rf8 Bc8 47.
Rf6+ Kh7 48. Kg3 Rc7 49. Bf8 Rc3+ 50. Kh4 Rc2 51. Kh3 Re2 52. Rxh6+ Kg8 53. Bd6
Kg7 54. Rf6 Bd7 55. g3 Re1 56. Kg2 Re2+ 57. Kf3 Re4 58. a6 Re1 59. a7 Bc6+ 60.
Kf2 Ra1 61. Bf8+ Kg8 62. Bc5 Bd5 63. Rf8+ Kg7 64. Rb8 Ra2+ 65. Ke1 Kg6 66. Rxb5
f4 67. gxf4 Kf5 68. Bb6 Ra6 69. Rxd5 exd5 70. Kd2 1-0

[Event "Gibraltar Chess Festival 2017 - Masters"]
[Site "Gibraltar ENG"]
[Date "2017.01.26"]
[Round "3.38"]
[White "Spraggett, Kevin"]
[Black "Shachar, Ehud"]
[Result "1/2-1/2"]
[WhiteElo "2542"]
[BlackElo "2374"]
[PlyCount "140"]
[EventDate "2017.01.24"]
[EventType "swiss"]
[EventRounds "10"]
[EventCountry "ENG"]
[SourceTitle "Ajedrez en Madrid"]
[Source "lmi"]
[SourceDate "2017.01.24"]

1. d4 e6 2. Nf3 f5 3. Bf4 Nf6 4. e3 d5 5. c4 c6 6. Bd3 Bd6 7. O-O O-O 8. Nc3
Ne4 9. Rc1 Qe7 10. a3 Nd7 11. Qc2 Kh8 12. Ne2 Ndf6 13. h3 Nh5 14. Bxd6 Qxd6 15.
Ne5 Bd7 16. f4 Nhf6 17. Nc3 Be8 18. Nxe4 fxe4 19. Be2 Rc8 20. b4 a6 21. Qd2 Bh5
22. g4 Be8 23. g5 Ng8 24. a4 Ne7 25. Rf2 Ng6 26. Bg4 Rc7 27. Kh2 h6 28. gxh6
gxh6 29. c5 Qe7 30. Nxg6+ Bxg6 31. Rg1 Qf6 32. Rfg2 Rg7 33. Be2 Rfg8 34. b5
axb5 35. axb5 cxb5 36. Bxb5 Bh5 37. Rxg7 Rxg7 38. Rxg7 Qxg7 39. Be2 Qg6 40. Qb2
Bxe2 41. Qxe2 h5 42. Qe1 Qf6 43. Qa5 Qe7 44. Qa8+ Kh7 45. Qb8 Qf7 46. Kg3 Kg6
47. Kf2 Kh7 48. Qe5 Qg6 49. Qc7+ Kh6 50. Qe7 Qf5 51. h4 Qh3 52. Qg5+ Kh7 53.
Qxh5+ Kg7 54. Qg5+ Kf7 55. Qg3 Qh1 56. Ke2 Qc1 57. Qe1 Qc2+ 58. Qd2 Qb1 59. Kf2
Qh1 60. Kg3 Qf3+ 61. Kh2 Kf6 62. Qe1 Kf5 63. Qg3 Qe2+ 64. Kg1 Qd1+ 65. Kh2 Qe2+
66. Qg2 Qxg2+ 67. Kxg2 Kg4 68. h5 Kxh5 69. Kg3 Kg6 70. Kg4 Kf6 1/2-1/2

[Event "Gibraltar Chess Festival 2017 - Masters"]
[Site "Gibraltar ENG"]
[Date "2017.01.26"]
[Round "3.39"]
[White "Del Rio De Angelis, Salvador G"]
[Black "Kozak, Adam"]
[Result "1/2-1/2"]
[WhiteElo "2527"]
[BlackElo "2376"]
[PlyCount "61"]
[EventDate "2017.01.24"]
[EventType "swiss"]
[EventRounds "10"]
[EventCountry "ENG"]
[SourceTitle "Ajedrez en Madrid"]
[Source "lmi"]
[SourceDate "2017.01.24"]

1. d4 d5 2. c4 e6 3. Nc3 c6 4. e3 Nf6 5. Nf3 Nbd7 6. Be2 dxc4 7. a4 Bd6 8. O-O
O-O 9. Bxc4 e5 10. Qc2 exd4 11. exd4 Nb6 12. Bb3 Nbd5 13. Bg5 Be6 14. Nxd5 cxd5
15. Ne5 Be7 16. Qd3 Ne4 17. Bxe7 Qxe7 18. f3 Nd6 19. Rae1 Qd8 20. g4 Qh4 21.
Bd1 Nc4 22. Qe2 Nxe5 23. dxe5 h5 24. gxh5 Qxh5 25. f4 Qg6+ 26. Qg2 Qxg2+ 27.
Kxg2 Bf5 28. Bf3 Rfd8 29. Rf2 Rac8 30. Rd1 Rc4 31. Rxd5 1/2-1/2

[Event "Gibraltar Chess Festival 2017 - Masters"]
[Site "Gibraltar ENG"]
[Date "2017.01.26"]
[Round "3.40"]
[White "Godart, Francois"]
[Black "Gunina, Valentina"]
[Result "1/2-1/2"]
[WhiteElo "2381"]
[BlackElo "2524"]
[PlyCount "79"]
[EventDate "2017.01.24"]
[EventType "swiss"]
[EventRounds "10"]
[EventCountry "ENG"]
[SourceTitle "Ajedrez en Madrid"]
[Source "lmi"]
[SourceDate "2017.01.24"]

1. d4 Nf6 2. Nf3 e6 3. Nbd2 d5 4. e3 c5 5. c3 b6 6. Bb5+ Nbd7 7. e4 dxe4 8.
Nxe4 Nxe4 9. Bc6 Rb8 10. Bxe4 Qc7 11. d5 Nf6 12. dxe6 Bxe6 13. Bg5 Nxe4 14.
Qa4+ b5 15. Qxe4 Bd6 16. O-O O-O 17. Rfd1 Rb6 18. Be3 h6 19. b4 Re8 20. a4 bxa4
21. bxc5 Bxc5 22. Bxc5 Qxc5 23. Qxa4 Ra8 24. Qe4 Qc8 25. Nd4 Bg4 26. f3 Bd7 27.
Ra5 a6 28. c4 Rab8 29. c5 Rg6 30. Ne2 Qc7 31. Qf4 Qxa5 32. Qxb8+ Kh7 33. Qe5
Rg5 34. Qe4+ Bf5 35. Qc4 Qa3 36. Kh1 Bg6 37. Rc1 Re5 38. Qc3 Qxc3 39. Nxc3 Rxc5
40. Kg1 1/2-1/2

[Event "Gibraltar Chess Festival 2017 - Masters"]
[Site "Gibraltar ENG"]
[Date "2017.01.26"]
[Round "3.41"]
[White "Lemos, Damian"]
[Black "Thavandiran, Shiyam"]
[Result "1/2-1/2"]
[WhiteElo "2516"]
[BlackElo "2367"]
[PlyCount "59"]
[EventDate "2017.01.24"]
[EventType "swiss"]
[EventRounds "10"]
[EventCountry "ENG"]
[SourceTitle "Ajedrez en Madrid"]
[Source "lmi"]
[SourceDate "2017.01.24"]

1. d4 Nf6 2. c4 e6 3. Nf3 d5 4. Nc3 Nbd7 5. cxd5 exd5 6. Bg5 h6 7. Bh4 c6 8. e3
g5 9. Bg3 Nh5 10. Bd3 Nxg3 11. hxg3 Bg7 12. Qc2 Nb6 13. O-O-O Be6 14. Kb1 Qe7
15. Nd2 O-O-O 16. Nb3 Kb8 17. Nc5 h5 18. Rc1 h4 19. Ne2 Bg4 20. gxh4 gxh4 21.
Nf4 Bh6 22. Nh3 Rhg8 23. Ng1 Bg5 24. Nf3 Bf6 25. Nd2 Bc8 26. Bf1 Nd7 27. Ncb3
Qb4 28. a3 Qd6 29. Ka2 Be7 30. Nf3 1/2-1/2

[Event "Gibraltar Chess Festival 2017 - Masters"]
[Site "Gibraltar ENG"]
[Date "2017.01.26"]
[Round "3.42"]
[White "Narciso Dublan, Marc"]
[Black "Derakhshani, Dorsa"]
[Result "1/2-1/2"]
[WhiteElo "2508"]
[BlackElo "2370"]
[PlyCount "75"]
[EventDate "2017.01.24"]
[EventType "swiss"]
[EventRounds "10"]
[EventCountry "ENG"]
[SourceTitle "Ajedrez en Madrid"]
[Source "lmi"]
[SourceDate "2017.01.24"]

1. c4 e5 2. g3 Nf6 3. Bg2 d5 4. cxd5 Nxd5 5. Nc3 Nb6 6. Nf3 Nc6 7. O-O Be7 8.
Rb1 a5 9. b3 O-O 10. Bb2 Be6 11. Rc1 f6 12. d4 Nxd4 13. Nxd4 exd4 14. Ne4 d3
15. Rc3 dxe2 16. Qxe2 Qc8 17. Nc5 Bxc5 18. Bxb7 Bxf2+ 19. Rxf2 Qxb7 20. Qxe6+
Kh8 21. Qc6 Qxc6 22. Rxc6 Nd5 23. Rd2 Nb4 24. Rxc7 Nxa2 25. Rdd7 Rfd8 26. Rxg7
Rd1+ 27. Kf2 Rd2+ 28. Kf3 Rxb2 29. Rxh7+ Kg8 30. h4 Rxb3+ 31. Kg2 Rb5 32. Rhg7+
Kh8 33. Rh7+ Kg8 34. Rcg7+ Kf8 35. Rf7+ Kg8 36. Rhg7+ Kh8 37. Rh7+ Kg8 38.
Rhg7+ 1/2-1/2

[Event "Gibraltar Chess Festival 2017 - Masters"]
[Site "Gibraltar ENG"]
[Date "2017.01.26"]
[Round "3.43"]
[White "Aryan, Chopra"]
[Black "Tate, Alan"]
[Result "1/2-1/2"]
[WhiteElo "2503"]
[BlackElo "2309"]
[PlyCount "118"]
[EventDate "2017.01.24"]
[EventType "swiss"]
[EventRounds "10"]
[EventCountry "ENG"]
[SourceTitle "Ajedrez en Madrid"]
[Source "lmi"]
[SourceDate "2017.01.24"]

1. e4 e5 2. Nf3 Nc6 3. Bb5 Nf6 4. O-O Nxe4 5. Re1 Nd6 6. Nxe5 Be7 7. Bf1 Nf5 8.
Nf3 O-O 9. d4 d5 10. c3 Bd6 11. Bd3 g6 12. Nbd2 f6 13. Nf1 Nce7 14. Bd2 c6 15.
Qc2 Kh8 16. Re2 Bd7 17. Rae1 Rc8 18. h3 b6 19. Qc1 Ng8 20. g4 Ng7 21. Bf4 Qc7
22. Bxd6 Qxd6 23. Ne3 Ne6 24. Ng2 c5 25. Qd2 cxd4 26. Nxd4 Nxd4 27. cxd4 Rfe8
28. Qf4 Qxf4 29. Nxf4 Rxe2 30. Nxe2 Re8 31. Rc1 Rc8 32. Nc3 Kg7 33. Re1 Bc6 34.
Bc2 Kf7 35. Bb3 Rd8 36. a4 a5 37. f4 Ne7 38. Kf2 Rd7 39. Ba2 Bb7 40. g5 Ng8 41.
Nd1 h6 42. gxh6 Nxh6 43. Ne3 Ng8 44. f5 g5 45. h4 gxh4 46. Rh1 Nh6 47. Rxh4 Kg7
48. Rh1 Nf7 49. b4 Ng5 50. b5 Ne4+ 51. Kf3 Ng5+ 52. Ke2 Ne4 53. Rc1 Kf8 54. Rc2
Ke7 55. Kd3 Kd6 56. Rg2 Rc7 57. Rc2 Rg7 58. Rh2 Rc7 59. Rc2 Rg7 1/2-1/2

[Event "Gibraltar Chess Festival 2017 - Masters"]
[Site "Gibraltar ENG"]
[Date "2017.01.26"]
[Round "3.44"]
[White "Oparin, Grigoriy"]
[Black "Buchenau, Frank"]
[Result "1-0"]
[WhiteElo "2625"]
[BlackElo "2274"]
[PlyCount "63"]
[EventDate "2017.01.24"]
[EventType "swiss"]
[EventRounds "10"]
[EventCountry "ENG"]
[SourceTitle "Ajedrez en Madrid"]
[Source "lmi"]
[SourceDate "2017.01.24"]

1. e4 e6 2. d4 d5 3. Nc3 Nf6 4. Bg5 Bb4 5. e5 h6 6. Bc1 Ne4 7. Qg4 g6 8. Nge2
c5 9. a3 Bxc3+ 10. Nxc3 Nxc3 11. bxc3 Qa5 12. Bd2 Qa4 13. Qf4 Nd7 14. Bd3 b6
15. h4 Ba6 16. h5 g5 17. Qe3 O-O-O 18. O-O Rdg8 19. Bxa6+ Qxa6 20. a4 Qc4 21.
a5 b5 22. a6 Kc7 23. f4 Rg7 24. f5 Re8 25. Rf3 exf5 26. Rxf5 Re6 27. Raf1 f6
28. exf6 Rxe3 29. fxg7 Re8 30. Rf8 Qxf1+ 31. Rxf1 Rg8 32. Bxg5 1-0

[Event "Gibraltar Chess Festival 2017 - Masters"]
[Site "Gibraltar ENG"]
[Date "2017.01.26"]
[Round "3.45"]
[White "Saravanan, V."]
[Black "Ivanchuk, Vassily"]
[Result "0-1"]
[WhiteElo "2306"]
[BlackElo "2752"]
[PlyCount "86"]
[EventDate "2017.01.24"]
[EventType "swiss"]
[EventRounds "10"]
[EventCountry "ENG"]
[SourceTitle "Ajedrez en Madrid"]
[Source "lmi"]
[SourceDate "2017.01.24"]

1. Nf3 f5 2. c4 Nf6 3. Nc3 d6 4. d4 g6 5. g3 Bg7 6. Bg2 O-O 7. O-O c6 8. d5 e5
9. dxe6 Bxe6 10. Qd3 Qe7 11. Ng5 Bc8 12. Bf4 Ne8 13. Rae1 h6 14. Nf3 g5 15. Bc1
Nd7 16. Qc2 a5 17. e4 f4 18. gxf4 g4 19. Nd2 Rxf4 20. Ne2 Be5 21. Nxf4 Bxf4 22.
Nb3 Be5 23. Be3 Ng7 24. Nd4 Bxd4 25. Bxd4 Ne5 26. f4 gxf3 27. Bxf3 Ne6 28. Be3
Bd7 29. Bxh6 Qf6 30. Qg2+ Kh8 31. Bd2 Rg8 32. Bg4 Qh4 33. h3 Nxg4 34. hxg4 Rxg4
35. Re2 Ng5 36. Bxg5 Qxg5 37. Qxg4 Bxg4 38. Rg2 Kh7 39. Rf3 Qc5+ 40. Rff2 Qd4
41. Kh2 Qe5+ 42. Kg1 Bh3 43. Rh2 Qg5+ 0-1

[Event "Gibraltar Chess Festival 2017 - Masters"]
[Site "Gibraltar ENG"]
[Date "2017.01.26"]
[Round "3.46"]
[White "Gupta, Abhijeet"]
[Black "Lopez Mulet, Inigo"]
[Result "1-0"]
[WhiteElo "2645"]
[BlackElo "2304"]
[PlyCount "61"]
[EventDate "2017.01.24"]
[EventType "swiss"]
[EventRounds "10"]
[EventCountry "ENG"]
[SourceTitle "Ajedrez en Madrid"]
[Source "lmi"]
[SourceDate "2017.01.24"]

1. d4 e6 2. Nf3 Nf6 3. c4 d5 4. g3 dxc4 5. Bg2 c5 6. O-O Nc6 7. dxc5 Qxd1 8.
Rxd1 Bxc5 9. Nbd2 c3 10. bxc3 Bd7 11. Ng5 h6 12. Nde4 Nxe4 13. Nxe4 Be7 14. Be3
Na5 15. Bd4 Rg8 16. Nc5 Bxc5 17. Bxc5 Bc6 18. e4 b6 19. Bb4 Nb7 20. f4 Rc8 21.
Kf2 f6 22. f5 a5 23. Ba3 Bd7 24. Rab1 Rxc3 25. Rxb6 Rxa3 26. Rxb7 Rxa2+ 27. Kg1
Ba4 28. Rc1 Bd7 29. Rcc7 Ra1+ 30. Bf1 Rd1 31. Rxd7 1-0

[Event "Gibraltar Chess Festival 2017 - Masters"]
[Site "Gibraltar ENG"]
[Date "2017.01.26"]
[Round "3.47"]
[White "Lalith, Babu M R"]
[Black "Sanchez Jerez, Emilio Miguel"]
[Result "1-0"]
[WhiteElo "2587"]
[BlackElo "2257"]
[PlyCount "57"]
[EventDate "2017.01.24"]
[EventType "swiss"]
[EventRounds "10"]
[EventCountry "ENG"]
[SourceTitle "Ajedrez en Madrid"]
[Source "lmi"]
[SourceDate "2017.01.24"]

1. d4 d6 2. Nf3 f5 3. c4 g6 4. Nc3 Nf6 5. Bf4 Bg7 6. e3 O-O 7. c5 Kh8 8. h4 Be6
9. Be2 Bg8 10. Qc2 Nc6 11. Bg5 Qe8 12. Bxf6 Bxf6 13. d5 Ne5 14. Ng5 dxc5 15.
O-O-O Qc8 16. f4 Ng4 17. Bxg4 fxg4 18. e4 Bd4 19. Ne2 c6 20. h5 Kg7 21. Nxd4
cxd4 22. Qf2 cxd5+ 23. Kb1 e5 24. hxg6 Rxf4 25. Qh4 hxg6 26. Qh8+ Kf8 27. Nh7+
Kf7 28. Qxe5 Rf2 29. Rc1 1-0

[Event "Gibraltar Chess Festival 2017 - Masters"]
[Site "Gibraltar ENG"]
[Date "2017.01.26"]
[Round "3.48"]
[White "Pourkashiyan, Atousa"]
[Black "Libiszewski, Fabien"]
[Result "0-1"]
[WhiteElo "2303"]
[BlackElo "2545"]
[PlyCount "82"]
[EventDate "2017.01.24"]
[EventType "swiss"]
[EventRounds "10"]
[EventCountry "ENG"]
[SourceTitle "Ajedrez en Madrid"]
[Source "lmi"]
[SourceDate "2017.01.24"]

1. e4 c5 2. Nf3 Nc6 3. d4 cxd4 4. Nxd4 e5 5. Nb5 d6 6. N1c3 a6 7. Na3 Be7 8.
Be3 Nf6 9. Nc4 b5 10. Nb6 Rb8 11. Nxc8 Qxc8 12. Be2 O-O 13. O-O b4 14. Nd5 Nxe4
15. a4 a5 16. Bb5 Bd8 17. Rc1 Ne7 18. Re1 Qb7 19. Bc4 Rc8 20. Nxe7+ Qxe7 21.
Ba6 Rb8 22. Qd3 Nf6 23. Rcd1 d5 24. Bg5 h6 25. Bh4 Qa7 26. Bb5 Ne4 27. Bg3 Bb6
28. Qf3 Bd4 29. Re2 f5 30. Qb3 Rbd8 31. Kf1 Nc5 32. Qf3 f4 33. Bh4 g5 34. c3
bxc3 35. bxc3 e4 36. Qg4 Bg7 37. Bxg5 hxg5 38. Qxg5 Qf7 39. Bc6 Ne6 40. Qh4 f3
41. Re3 Nf4 0-1

[Event "Gibraltar Chess Festival 2017 - Masters"]
[Site "Gibraltar ENG"]
[Date "2017.01.26"]
[Round "3.49"]
[White "Loh, Zachary"]
[Black "Mikhalevski, Victor"]
[Result "1-0"]
[WhiteElo "2291"]
[BlackElo "2504"]
[PlyCount "95"]
[EventDate "2017.01.24"]
[EventType "swiss"]
[EventRounds "10"]
[EventCountry "ENG"]
[SourceTitle "Ajedrez en Madrid"]
[Source "lmi"]
[SourceDate "2017.01.24"]

1. d4 Nf6 2. c4 e6 3. Nc3 d5 4. cxd5 exd5 5. Bg5 Be7 6. e3 b6 7. Bd3 Bb7 8. Nf3
Nbd7 9. O-O O-O 10. Qc2 c5 11. h3 Rc8 12. Ne5 cxd4 13. Nxd7 Nxd7 14. Bxe7 Qxe7
15. exd4 g6 16. Qd2 Qf6 17. Bb5 Nb8 18. Rfe1 Rfd8 19. Re5 Bc6 20. Be2 Nd7 21.
Nxd5 Bxd5 22. Rxd5 Nf8 23. Rxd8 Rxd8 24. d5 Ne6 25. Bf1 Nd4 26. Bc4 Nf5 27. Re1
Kg7 28. b3 Nd6 29. Re3 Rc8 30. Be2 Qa1+ 31. Kh2 Rc1 32. Bd3 Rh1+ 33. Kg3 Qd4
34. Re2 h5 35. Bc2 h4+ 36. Kf3 Nb5 37. Qg5 Qc3+ 38. Kg4 Nd4 39. Qe5+ Kh7 40.
Qh5+ Kg7 41. Qe5+ Kh7 42. Bxg6+ Kxg6 43. Qg5+ Kh7 44. Re8 Qxh3+ 45. gxh3 Rg1+
46. Kf4 Rxg5 47. Kxg5 Nb5 48. Kf6 1-0

[Event "Gibraltar Chess Festival 2017 - Masters"]
[Site "Gibraltar ENG"]
[Date "2017.01.26"]
[Round "3.50"]
[White "Bergstrom, Rolf"]
[Black "Santos Ruiz, Miguel"]
[Result "1/2-1/2"]
[WhiteElo "2268"]
[BlackElo "2484"]
[PlyCount "68"]
[EventDate "2017.01.24"]
[EventType "swiss"]
[EventRounds "10"]
[EventCountry "ENG"]
[SourceTitle "Ajedrez en Madrid"]
[Source "lmi"]
[SourceDate "2017.01.24"]

1. b3 e5 2. Bb2 Nc6 3. e3 d5 4. Bb5 Bd6 5. Nf3 f6 6. d4 e4 7. Nfd2 a6 8. Be2
Nce7 9. Ba3 Bxa3 10. Nxa3 f5 11. g3 c5 12. c3 cxd4 13. cxd4 Nf6 14. b4 Qd6 15.
Qb3 b6 16. Nab1 O-O 17. Nc3 Be6 18. h4 Bf7 19. h5 Ng4 20. Nf1 Kh8 21. Rh4 Ng8
22. b5 a5 23. Bxg4 fxg4 24. Nh2 Nh6 25. Nxg4 Nxg4 26. Rxg4 Bxh5 27. Rf4 Rxf4
28. gxf4 Qg6 29. Ne2 Bxe2 30. Qxd5 Rc8 31. Kxe2 Qg4+ 32. Kf1 Qh3+ 33. Kg1 Qg4+
34. Kh2 Qh4+ 1/2-1/2